00826nam a2200241Ia 4500003000900000008004100009020001800050040001600068080001800084245009700102250001200199260003200211300002300243650001100266650002700277700002500304700003000329700003800359700003500397942000700432999001700439952012800456IN-BaIIA211028s9999 xx 000 0 eng d a0-07-136456-0 cIIA Library a(035)535bBAS 0aHandbook of opticsbvol. 4, fibre optics and nonlinear opticscedited by M. Bass… [et al.] a2nd ed. aNew YorkbMcGraw-Hillc2001 a[various pagings.] aoptics aoptics-handbook910525 aBass, M., ed.924955 aEnoch, Jay M., ed.924956 aVan Stryland, Eric W., ed.924957 aWilliams, David R., ed.924958 cBK c14176d14176 00104070aBANbBANcGENd2001-07-24g6200.00l0o(035)535/ BASp15096r2021-11-05v6200.00w2001-07-24yBKGRs. 6200.00